[Event "ZN-2019-0-04060"]
[Site "LSS email"]
[Date "2019.10.14"]
[Round "?"]
[White "Neuhausen, Rainer"]
[Black "Ducharme, Steven"]
[Result "1/2-1/2"]
[WhiteElo "1030"]
[BlackElo "770"]
[PlyCount "43"]
[EventDate "2019.10.05"]
[EventType "match (corr)"]
[EventRounds "2"]
[EventCountry "GER"]
[SourceTitle "Corr 2022"]
[Source "ChessBase"]
[SourceDate "2021.10.24"]
[SourceVersion "1"]
[SourceVersionDate "2021.10.24"]
[SourceQuality "1"]

1. e4 c6 2. d4 d5 3. exd5 cxd5 4. Nf3 Nf6 5. Bd3 g6 6. 0-0 Bg7 7. Bg5 0-0 8. Nbd2 Nc6 9. c3 Bg4 10. h3 Bxf3 11. Qxf3 a6 12. Rfe1 h6 13. Be3 e5 14. dxe5 Nxe5 15. Qe2 Nxd3 16. Qxd3 Re8 17. Bd4 Qd6 18. Bxf6 Qxf6 19. Qf3 Rxe1+ 20. Rxe1 Rd8 21. Qxf6 Bxf6 22. Nf3 1/2-1/2